000 00929nam a2200277Ia 4500
003 OSt
005 20221005062031.0
006 a|||||r|||| 00| 0
007 ta
008 221004b |||||||| |||| 00| 0 eng d
020 _a9780415854863 (hbk)
_c8109
024 _a18455
037 _bCBS/352, 11/03/2015, Classic Book Service
_cTextual
040 _aCRL
_cCRL
_beng
041 _2eng
_aeng
082 _aY:49(Q).4498, Q4
100 _aWelhengama Gnanapala
_9142548
245 0 _aRise of tamil separatism in Sri Lanka
_b From communalism to secession
260 _aLondon
_bRoutledge UK
_c2014
300 _aviii, 262p.
_ccm.
490 _aRoutledge research in international law
650 _aSOCIOLOGY
700 _a Pillay Nirmala
_9601393
942 _hY:49(Q).4498, Q4
_cTEXL
_2cc
999 _c969106
_d969106